Los que mandan (Record no. 33106)
[ view plain ]
| 000 -CABECERA | |
|---|---|
| campo de control de longitud fija | 00690cam a22002292a 4500 |
| 001 - NÚMERO DE CONTROL | |
| campo de control | 001176 |
| 003 - IDENTIFICADOR DEL NÚMERO DE CONTROL | |
| campo de control | AR-FADEU |
| 005 - FECHA Y HORA DE LA ÚLTIMA TRANSACCIÓN | |
| campo de control | 20181107062409.0 |
| 008 - DATOS DE LONGITUD FIJA--INFORMACIÓN GENERAL | |
| campo de control de longitud fija | 311216n1967####xxu####################dd |
| 040 ## - FUENTE DE LA CATALOGACIÓN | |
| Centro/agencia transcriptor | Biblioteca Ernesto Sábato |
| 092 ## - SIGNATURA TOPOGRÁFICA | |
| Número de clasificación | 323.3 |
| Libristica | I31 |
| Sector | JRR |
| 100 ## - Autor Personal | |
| Nombre de persona | de Imaz, José Luis |
| 245 ## - MENCIÓN DE TÍTULO | |
| Título | Los que mandan |
| 250 ## - MENCIÓN DE EDICIÓN | |
| Mención de edición | 7a. ed |
| 260 ## - PUBLICACIÓN, DISTRIBUCIÓN, ETC. (PIE DE IMPRENTA) | |
| Lugar de publicación, distribución, etc. | Buenos Aires |
| 260 ## - PUBLICACIÓN, DISTRIBUCIÓN, ETC. (PIE DE IMPRENTA) | |
| Nombre del editor, distribuidor, etc. | EUDEBA |
| 260 ## - PUBLICACIÓN, DISTRIBUCIÓN, ETC. (PIE DE IMPRENTA) | |
| Fecha de publicación, distribución, etc. | 1967 |
| 300 ## - DESCRIPCIÓN FÍSICA | |
| Paginas | 250 p |
| 440 ## - MENCIÓN DE SERIE/PUNTO DE ACCESO ADICIONAL--TÍTULO | |
| Título | Informes y monografías de Eudeba |
| 650 ## - Descriptores Tematicos | |
| Término de materia o nombre geográfico como elemento inicial | ARGENTINA 1936-1967; ARGENTINA-ELITE DIRIGENTE; GOBIERNO-ARGENTINA; FUERZAS ARMADAS; IGLESIA; SOCIEDAD RURAL; EMPRESARIO-PODER; SINDICATOS-DIRIGENTES/JRR/ |
| 942 ## - ELEMENTOS DE PUNTO DE ACCESO ADICIONAL (KOHA) | |
| Tipo de ítem Koha | JRR |
| Fuente del sistema de clasificación o colocación | Dewey Decimal Classification |
| Estado de retiro | Estado de pérdida | Fuente del sistema de clasificación o colocación | Estado dañado | No para préstamo | Localización permanente | Ubicación/localización actual | Fecha de adquisición | Número de inventario | Total de préstamos | Signatura topográfica completa | Código de barras | Fecha visto por última vez | Precio válido a partir de | Tipo de ítem Koha |
|---|---|---|---|---|---|---|---|---|---|---|---|---|---|---|
| Dewey Decimal Classification | Biblioteca Ernesto Sabato - FADECS - UNCOMA | Biblioteca Ernesto Sabato - FADECS - UNCOMA | 07/11/2018 | 23784 | 323.3 I31 | 23784 | 07/11/2018 | 07/11/2018 | JRR |